| 000 | 00353nam a2200121Ia 4500 | ||
|---|---|---|---|
| 008 | 240624s9999 xx 000 0 und d | ||
| 041 | _aeng | ||
| 082 | _a658.3 DRE | ||
| 100 | _aDREHER GEORGE F | ||
| 245 | _aHUMAN RESOURCE STRATEGY A BEHAVIORAL PERSPECTIVE FOR THE G | ||
| 260 |
_c2010 _aNew Delhi _bTata McGraw-Hill |
||
| 300 | _axx, : 340 : p. : cm. ; 24 | ||
| 999 |
_c28072 _d28072 |
||